Central Library OPAC University of Rajshahi

Introducing anthropology / (Record no. 62167)

MARC details
000 -LEADER
fixed length control field 01853nam a2200277 a 4500
001 - CONTROL NUMBER
control field 62167
003 - CONTROL NUMBER IDENTIFIER
rucl marc code BD-RjUL
005 - DATE AND TIME OF LATEST TRANSACTION
control field 20211209081042.0
008 - FIXED-LENGTH DATA ELEMENTS--GENERAL INFORMATION
fixed length control field 190313s1975 mau b 000 0 eng
035 ## - SYSTEM CONTROL NUMBER
System control number (BD-RjUL)
040 ## - CATALOGING SOURCE
Original cataloging agency DLC
Transcribing agency DLC
Modifying agency DLC
-- BD-RjUL
Language of cataloging eng
041 ## - LANGUAGE CODE
Language code of text/sound track or separate title eng
082 00 - DEWEY DECIMAL CLASSIFICATION NUMBER
Edition number 23
Classification number 301
Author mark and year HAI 1975
100 1# - MAIN ENTRY--PERSONAL NAME
Personal name Hayes, James R.,
Relator term comp.
9 (RLIN) 229379
245 10 - TITLE STATEMENT
Title Introducing anthropology /
Statement of responsibility, etc. [Compiled by] James R. Hayes [and] James M. Henslin.
260 ## - PUBLICATION, DISTRIBUTION, ETC. (IMPRINT)
Place of publication, distribution, etc. Boston :
Name of publisher, distributor, etc. Holbrook Press,
Date of publication, distribution, etc. 1975
300 ## - PHYSICAL DESCRIPTION
Pagination ix, 434 p.;
Size 22 cm.
350 ## - PRICE (NR) (BK AM CF MU VM SE) [OBSOLETE]
Price $5.95
504 ## - BIBLIOGRAPHY, ETC. NOTE
Bibliography, etc Includes bibliographies.
505 0# - FORMATTED CONTENTS NOTE
Formatted contents note Benedict, R. The diversity of cultures.--Linton, R. One hundred per cent American.--Murdock, G. P. Anthropology as a comparative science.--Chagnon, N. A. Doing fieldwork among the Ya̦nomamö.--Liebow, E. A field experience in retrospect.--Simpson, G. G. The world into which Darwin led us.--Pfeiffer, J. E. Primate origins.--Brace, C. L. Human origins.--Washburn, S. L. and Lancaster, C. S. The evolution of hunting.--Adams, R. M. The origins of agriculture.--Childe, V. G. The birth of civilization.--LaBarre, W. The cultural basis of emotions and gestures.--Marshall, G. A. Racial classifications: popular and scientific.--Hoijer, H. The Sapir-Whorf hypothesis.--Brown, I. C. How people live together.--Mead, M. Families.--Lee, D. Individual autonomy and social structure.--Clark, M. and Anderson, B. G. An anthropological approach to aging.--Malinowski, B. Death and the reintegration of the group.--Hallowell, A. I. The impact of the American Indian on American culture.--Dobzhansky, T. Changing man.--Boulding, K. E. Where are we going, if anywhere: a look at post-civilization.
650 #0 - SUBJECT ADDED ENTRY--TOPICAL TERM
Topical term or geographic name as entry element Anthropology.
9 (RLIN) 229380
700 1# - ADDED ENTRY--PERSONAL NAME
Personal name Henslin, James M.,
942 ## - ADDED ENTRY ELEMENTS (KOHA)
Source of classification or shelving scheme Dewey Decimal Classification
Koha item type Books
Holdings
Lost status Source of classification or shelving scheme Damaged status Not for loan Collection code Permanent Location Current Location Shelving location Date acquired Source of acquisition Total Checkouts Full call number Date last seen Copy number Koha item type
  Dewey Decimal Classification   Not For Loan Non-fiction Central Library, University of Rajshahi Central Library, University of Rajshahi Reading Room 30/03/1977 Lions Internationals   301 HAI 1975 13/03/2019 C-1 Books